000 00769nam a22002297i 4500
001 IT\ICCU\RT1\0199467
003 ItRI
005 20260115232058.0
008 241203s2024 it |||||| ||||| |||||c
020 _a9788833701592
040 _bita
_cimportazione bologna sebina
041 7 _aita
_2ISO-639-2
082 _a853.92
_9NARRATIVA ITALIANA, 2000-
_221
100 1 _aOnnis, Mario
_0IT\ICCU\SBLV\244516
_4ill
240 1 2 _aI fiori di Carlo
_3IT\ICCU\RT1\1028604
_9Onnis, Mario
245 1 2 _aI fiori di Carlo /
_c[testo e illustrazioni] Mario Onnis.
260 _aMilano :
_bTopipittori,
_c2024
300 _a1 volume (senza paginazione) :
_bill. ;
_c21 cm
500 _aTesto stampato maiuscolo
830 2 _aI minitopi
_0IT\ICCU\LO1\1603909
942 _2ddc
_cBK
_n0
999 _c16765
_d16765